Comuni della Provincia di Cuneo - Statistics

Statistiche generali
  • Questo quiz è stato fatto 275 volte
  • Il punteggio medio è 91 su 247
Statistiche sulle risposte
Comune % Corretto
Alba
84%
Cuneo
84%
Bra
82%
Fossano
79%
Mondovì
76%
Saluzzo
73%
Savigliano
73%
Barolo
69%
Cherasco
67%
Borgo San Dalmazzo
62%
Busca
62%
Ceva
62%
Dogliani
62%
Dronero
62%
Boves
60%
Caraglio
60%
Cavallermaggiore
58%
Entracque
58%
Limone Piemonte
57%
Vinadio
56%
Carrù
55%
Racconigi
55%
Acceglio
54%
Demonte
54%
Vicoforte
54%
Bene Vagienna
53%
Barbaresco
52%
Beinette
52%
La Morra
52%
Marene
52%
Verzuolo
52%
Barge
51%
Canale
50%
Guarene
50%
Montà
50%
Neive
50%
Aisone
49%
Argentera
49%
Peveragno
49%
Pontechianale
49%
Roddi
49%
Sanfrè
49%
Centallo
48%
Cervere
48%
Genola
48%
Manta
48%
Sampeyre
48%
Revello
47%
Valdieri
47%
Verduno
47%
Envie
46%
Farigliano
46%
Robilante
46%
Sanfront
46%
Casteldelfino
45%
Chiusa di Pesio
45%
Murazzano
45%
Vernante
45%
Bagnasco
44%
Bernezzo
44%
Cavallerleone
44%
Garessio
44%
Govone
44%
Moretta
44%
Morozzo
44%
Narzole
44%
Ormea
44%
Paesana
44%
Bossolasco
43%
Macra
43%
Pianfei
43%
Roccaforte Mondovì
43%
Bagnolo Piemonte
42%
Magliano Alpi
42%
Brossasco
41%
Cervasca
41%
Trinità
41%
Belvedere Langhe
40%
Costigliole Saluzzo
40%
Diano d'Alba
40%
Frabosa Sottana
40%
Piasco
40%
Pietraporzio
40%
Santa Vittoria d'Alba
40%
Scarnafigi
40%
Sommariva del Bosco
40%
Villanova Mondovì
40%
Benevello
39%
Castelletto Stura
39%
Crissolo
39%
Monasterolo di Savigliano
39%
Monforte d'Alba
39%
Roccavione
39%
Tarantasca
39%
Frabosa Soprana
38%
Margarita
38%
Rossana
38%
Sant'Albano Stura
38%
Villafalletto
38%
Alto
37%
Bergolo
37%
Castiglione Falletto
37%
Grinzane Cavour
37%
Lesegno
37%
Niella Tanaro
37%
San Damiano Macra
37%
Pradleves
36%
Prazzo
36%
Santo Stefano Belbo
36%
Venasca
36%
Arguello
35%
Caprauna
35%
Castino
35%
Ceresole d'Alba
35%
Frassino
35%
Gaiola
35%
Salmour
35%
Sambuco
35%
Serralunga d'Alba
35%
Valgrana
35%
Albaretto della Torre
34%
Borgomale
34%
Elva
34%
Feisoglio
34%
Marmora
34%
Melle
34%
Niella Belbo
34%
Novello
34%
Ostana
34%
Priero
34%
Roddino
34%
Castagnito
33%
Clavesana
33%
Sale San Giovanni
33%
Brondello
32%
Cardè
32%
Corneliano d'Alba
32%
Faule
32%
Lagnasco
32%
Mango
32%
Monterosso Grana
32%
Piozzo
32%
Pocapaglia
32%
Prunetto
32%
Rifreddo
32%
Roburent
32%
Treiso
32%
Battifollo
31%
Camerana
31%
Casalgrasso
31%
Celle di Macra
31%
Cortemilia
31%
Cravanzana
31%
Monteu Roero
31%
Murello
31%
Paroldo
31%
Polonghera
31%
Roccabruna
31%
Somano
31%
Vignolo
31%
Baldissero d'Alba
30%
Bellino
30%
Castelmagno
30%
Cissone
30%
Gorzegno
30%
Moiola
30%
Oncino
30%
Vezza d'Alba
30%
Bastia Mondovì
29%
Briaglia
29%
Caramagna Piemonte
29%
Cartignano
29%
Magliano Alfieri
29%
Monesiglio
29%
Monticello d'Alba
29%
Pagno
29%
Pamparato
29%
Stroppo
29%
Castiglione Tinella
28%
Cigliè
28%
Cossano Belbo
28%
Gottasecca
28%
Lequio Tanaro
28%
Montezemolo
28%
Nucetto
28%
Roaschia
28%
San Michele Mondovì
28%
Serravalle Langhe
28%
Torre San Giorgio
28%
Isasca
27%
Montanera
27%
Rittana
27%
Sale delle Langhe
27%
Sinio
27%
Sommariva Perno
27%
Valloriate
27%
Villanova Solaro
27%
Villar San Costanzo
27%
Vottignasco
27%
Bosia
26%
Mombasiglio
26%
Priocca
26%
Priola
26%
Ruffia
26%
Scagnello
26%
Viola
26%
Levice
25%
Marsaglia
25%
Mombarcaro
25%
Montelupo Albese
25%
Piobesi d'Alba
25%
Saliceto
25%
Lisio
24%
Monchiero
24%
Neviglie
24%
Rocca de' Baldi
24%
Trezzo Tinella
24%
Canosio
23%
Castelletto Uzzone
23%
Castellinaldo d'Alba
23%
Cerretto Langhe
23%
Igliano
23%
Rodello
23%
Torresina
23%
Bonvicino
22%
Lequio Berria
22%
Martiniana Po
22%
Montaldo di Mondovì
22%
Santo Stefano Roero
22%
Montaldo Roero
21%
Pezzolo Valle Uzzone
21%
Roccasparvera
21%
Briga Alta
20%
Roascio
20%
Gambasca
19%
Montemale di Cuneo
19%
Rocchetta Belbo
19%
Rocca Cigliè
18%
Torre Mondovì
18%
Monastero di Vasco
17%
Perletto
17%
Perlo
17%
Torre Bormida
17%
Castellino Tanaro
15%
Monasterolo Casotto
15%
San Benedetto Belbo
12%
Castelnuovo di Ceva
11%
Nessun quiz corrispondente trovato
Distribuzione punteggi
Percentuale di utenti per punteggio
Percentile per numero di risposta
I tuoi punteggi nel tempo
Non hai fatto questo quiz